Datum a čas kvízu
41.5
Celkem bodů
Celkový počet nahraných bodů na tomto kvízu bez doplňovacích otázek.
9.
Pořadí na kvízu
Konečné umístění týmu na tomto kvízu.
Zaznamenané odpovědi
| # | Otázka | Odpověď | Body | Výsledky |
|---|---|---|---|---|
| 1. | Minulý týden byl jistý 37letý... | Mikuláš Ferjenčík, Jiří Strach | 1 | |
| 2. | Jeden turista zveřejnil video... | v Číně | 1 | |
| 3. | Ve čtvrtek 6. června si na půd... | D) sklářství | 1 | |
| 4. | Italská společnost, která je t... | Ferrero, Nutella | 0 | |
| 5. | Mezinárodní hokejová federace... | chránič krku | 1 | |
| 6. | Dostanete vždy pět indicií, k... | Idiot | 0 | |
| 7. | Irsko – Homér – Bloom – jeden... | Odysseus | 0 | |
| 8. | Irving – cider – gynekolog – T... | Pravidla moštárny | 1 | |
| 9. | 3 sirotci – nevyléčitelná nemo... | Román pro muže | 0 | |
| 10. | Karviná – kronika – sv. Petr... | Šikmý kostel | 1 |